Регионална библиотека "Любен Каравелов" - Русе

Леонардо да Винчи 1452 - 1519 (Запис номер 69150)

MARC детайли
000 -Лидер
Контролно поле с фиксирана дължина 01847nam a2200409 c 4500
003 - Код на организацията, давaща контролен номер
Контролно поле BLK
005 - Дата и час на последна редакция
Контролно поле 20180422103034.0
008 - Елементи от данни с фиксирана дължина
fixed length control field 180408b bul|||||r ||||||| ||bul||
010 ## - Наследен системен номер
LC control number KNG00073491000
020 ## - Международен стандартен номер на книга ISBN
Международен стандартен номер на книга ISBN 954-9817-30-Х
-- издат.: Алианс-97
040 ## - Източник на каталожния запис
Идентификатор на билиотеката - собственик на записа BLK
041 ## - Код за език
Код за езика на текст/звукозапис или на отделно заглавие Български
Код за езика КДБФ Български
080 ## - УДК
Текстов определител УДК Изобразителни изкуства и художествени занаяти
УДК код - определител по УДК 73/76
УДК определител .034.071.1(45)(092)
УДК - код + определител 73/76.034.071.1(45)(092)
080 ## - УДК
Текстов определител УДК Италиански архитект, изобретател, инженер, скулптор и художник от епохата на Ренесанса
УДК код - определител по УДК 929 Леонардо да Винчи
УДК определител
УДК - код + определител 929 Леонардо да Винчи
100 1# - Редна дума - Автор
Автор Цьолнер, Франк
Авторска отговорност първи автор
R(LIN) 140588
139 ## - Редно поле
Редна дума Цьолнер, Франк
Авторски знак Лео - Л 46
245 10 - Сведения за заглавието
Заглавие Леонардо да Винчи 1452 - 1519
Редно поле (дума) Франк Цьолнер; прев. от нем. Кристин Миркова Разсолкова.
257 ## - Страна на издаване
Страна на създаване/издаване Германия
260 ## - Област на издателските данни
-- София
Име на издателя, разпространителя и проч. Алианс-97
Година на издаване 2006
300 ## - Физическа характеристика
Страници 96 с.
Илюстрации и др. с цв. ил.
Размери/Мащаб 23 см
380 ## - Жанр
Жанр Изкуство
500 ## - Общи забележки
Забележка Без сведение за ориг. загл. ; Кор. загл. Леонардо. - Офс. изд. - Библиогр. с. 95.
504 ## - Забележка за наличие на библиография и др
Забележка за наличие на библиография и под. 95
600 14 - Име на лице, използвано като предмет
За него / За нея Леонардо да Винчи
9 (RLIN) 364024
650 #4 - Допълнително описание по предмет – тема
Основно описание – тема или топоним Леонардо да Винчи
9 (RLIN) 364024
650 #4 - Допълнително описание по предмет – тема
Основно описание – тема или топоним Художници, италиански
9 (RLIN) 259303
653 ## - Ключова дума – ненормативна
Ключова дума Леонардо да Винчи
653 ## - Ключова дума – ненормативна
Ключова дума художници
653 ## - Ключова дума – ненормативна
Ключова дума Ренесанс
653 ## - Ключова дума – ненормативна
Ключова дума Италия
700 1# - Други автори (авторска отговорност)
Лично име Разсолкова, Кристин Миркова
Автороска отговорност (Описва отношението между автора и произведението) прев. от нем.
9 (RLIN) 114510
852 ## - Местоположение
Форматна сигнатура Цб 232747
856 4# - Електронен адрес и достъп
Електронен формат pdf - файл
Път до файла /url/
856 4# - Електронен адрес и достъп
Електронен формат pdf - файл
Път до файла /url/
942 ## - АРТИКУЛИ
Вид на библиотечния материал Книги
Скрит в OPAC Не
944 ## - СЪЗДАВАНЕ И РЕДАКЦИЯ на ЗАПИСА
Създаване/Редакция Създаване
Дата на регистрацията/редакция 26.03.2007
Служител, извършил регистрацията/редакцията Людмила_Стоянова
944 ## - СЪЗДАВАНЕ И РЕДАКЦИЯ на ЗАПИСА
Създаване/Редакция Редакция
Дата на регистрацията/редакция 12.04.2007
Служител, извършил регистрацията/редакцията
999 ## - СИСТЕМНИ КОНТРОЛНИ НОМЕРА
Koha biblionumber 69150
Koha biblioitemnumber 69150
Наличности
Код за отписване Код за изгубен артикул Код за повреда Коз за рестрикции Код за отдаване Артикулен № Име на библиотеката - собственик Име на библиотеката, в която се намира в момента Статус (Текущо местоположение) Дата на вписване в системата Местоположение - отдел Цена в лева Инвентарен номер Систематично азбучна сигнатура Баркод Номер на екземпляра Цена в евро Служебна бележка Служебен тип на артикула
  Не е изгубен Не е повреден без рестрикции ползва се в читалня 113468 Регионална библиотека "Любен Каравелов" Русе Регионална библиотека "Любен Каравелов" Русе Хранилище 2007-03-26 Хранилище 0.00 120000711836 Цб 232747 120000711836 1 0.00 Дост: Dp Вид: Д N: 34 Дата: 26.07.2006 Книги
Vip Innovations Ltd, Rousse, Bulgaria 2025